2010s TV Series Characters - Statistics

General Stats
  • This quiz has been taken 255 times
    55 since last reset
  • The average score is 10 of 30
Answer Stats
Hint Answer % Correct
Sheldon Cooper The Big Bang Theory
87%
Queen Elizabeth II The Crown
87%
Tommy Shelby Peaky Blinders
82%
Daenerys Targaryen Game of Thrones
76%
Rick Grimes The Walking Dead
64%
Ragnar Lothbrok Vikings
62%
Joe Goldberg You
56%
Daniel LaRusso Cobra Kai
53%
Eve Polastri Killing Eve
36%
Spencer Hastings Pretty Little Liars
36%
Clarke Griffin The 100
36%
Max Black 2 Broke Girls
33%
Javier Pena Narcos
29%
Dr. Zoe Hart Hart of Dixie
27%
Don Draper Mad Men
27%
Will Graham Hannibal
24%
John Dutton Yellowstone
22%
Francis Underwood House of Cards
20%
June Osbourne The Handmaid's Tale
16%
Capt. Ed Mercer The Orville
16%
Marty Byrde Ozark
13%
Jonas Kahnwald Dark
11%
Jack Pearson This Is Us
11%
Carrie Mattison Homeland
9%
Philip Jennings The Americans
9%
Raylan Givens Justified
7%
Sarah Manning Orphan Black
7%
Claire Randall Outlander
7%
Victoria Grayson Revenge
4%
Jonathan Pine The Night Manager
4%
No matching quizzes found
Score Distribution
Percent of People with Each Score
Percentile by Number Answered
Your Score History
You have not taken this quiz since the last reset